[Event "Clarin GP final"]
[Site "Villa Gesell"]
[Date "1997.??.??"]
[Round "1"]
[White "Fiorito, Fabian"]
[Black "Braga, Fernando Alberto"]
[Result "1/2-1/2"]
[WhiteElo "2470"]
[BlackElo "2455"]
[Annotator "Rechlis,G"]
[PlyCount "42"]
[EventDate "1997.03.02"]
[EventType "tourn"]
[EventRounds "11"]
[EventCountry "ARG"]
[EventCategory "11"]
[SourceTitle "CBM 058"]
[Source "ChessBase"]
[SourceDate "1997.06.01"]
[SourceVersion "1"]
[SourceVersionDate "1997.06.01"]
[SourceQuality "1"]

1. e4 c5 2. Nf3 Nc6 3. d4 cxd4 4. Nxd4 Nf6 5. Nc3 d6 6. Bg5 e6 7. Qd2 a6 8.
O-O-O Nxd4 9. Qxd4 Be7 10. f4 b5 $16 {Adler,V-Bannik,A/URS/1978/} (10... Qa5
11. e5 dxe5 12. fxe5 Nd5 13. Bxe7 Nxe7 14. Bd3 Nc6 15. Qh4 Nxe5 16. Ne4 f6 17.
Rhf1 Qc7 18. Nxf6+ $1) 11. Bxf6 gxf6 (11... Bxf6 12. e5 dxe5 (12... Be7 13.
exd6 Bf6 14. Qe4 Rb8 15. Nd5) 13. Qe4 Bd7 14. Bxb5 $18 axb5 15. Rxd7 Qa5 (15...
Kxd7 16. Rd1+ Ke8 17. Rxd8+ Rxd8 18. fxe5 Bg5+ 19. Kb1 $16) 16. Rb7 O-O 17.
Rxb5 Qa6 18. fxe5 Bg5+ 19. Kb1 Bd2 20. Qb7 Bxc3 21. Qxa6 Rxa6 22. bxc3 $5 Rfa8
(22... Rd8 $5) 23. Rd1 h5 (23... Rxa2 24. Rd7 $18 h5 25. c4) 24. c4 Rxa2 25.
Rd7 (25. Rd8+ Rxd8 26. Kxa2 Rd2 27. Kb3 Rxg2 28. Rb8+ Kh7 29. c5) 25... Ra1+
26. Kb2 Re1 27. Rbb7 Rxe5 (27... Rf8 28. c5 Rxe5 29. c6 Rc5 30. c7 $18) 28.
Rxf7 Rg5 29. g3 Raa5 30. Rfe7 Rae5 (30... e5 31. Rb5 $1 $18) 31. c5 Rxc5 32.
Rxe6 Rc4 33. Re3 h4 34. Kb3 Rcg4 35. Rb4 $138 {1-0 Karasev,V-Aseev,K/St.
Petersburg-ch 1995} hxg3 36. Rxg4 Rxg4 37. hxg3 Rg6 38. c4 {1/2-1/2 Dolmatov,
S-Aseev,K/Kemerovo1 (07)/1995}) 12. e5 {1-0 Kasparov,G-Kramnik,V/Amsterdam VSB
(07)/1996 (43)} (12. f5 Qc7 13. fxe6 fxe6 14. Qd2 Qc5 15. Kb1 Bd7 16. Bd3 b4
17. Ne2 a5 18. Nf4 a4 19. Be2 {0-1 Shirov,A-Kramnik,V/Amber Rapid Monte Carlo 
(3) 1996 (29)}) (12. Bd3 Qc7 13. Qe3 Qc5 14. Qg3 b4 15. Ne2 a5 16. Kb1 Kf8 17.
Qh3 h5 18. Rc1 d5 19. exd5 Qxd5 20. f5 a4 21. Rhe1 Rb8 22. Nf4 Qd6 23. Qf3 e5
24. Nd5 {/\f5,Bh5/}) (12. Be2 Qa5 13. e5 fxe5 14. fxe5 d5 15. Nxd5 exd5 16. e6
O-O 17. Rd3 Bg5+ 18. Kb1 Bxe6 19. Rg3 h6 20. h4 Qc7 21. hxg5 Qxg3 22. Rxh6 f6
$16) (12. Be2 $18) 12... d5 (12... dxe5 13. Qe4 Bd7 14. Rxd7 Kxd7 15. Bxb5+
axb5 16. Rd1+ Bd6 17. Nxb5 Ke7 18. Nxd6 $6) (12... fxe5 13. fxe5 dxe5 14. Qxe5
Bg5+ 15. Kb1 Qf6 16. Qd6 e5 17. Nxb5 $44) 13. Kb1 Bb7 (13... b4 14. Ne2 (14.
exf6 $18 Bxf6 15. Qxb4 Qc7 $5) 14... a5 15. Ng3 f5 (15... Ba6 16. Nh5 f5 17.
Bxa6 Rxa6 18. h3 Rg8 19. g4 fxg4 20. Qd3 Rc6 21. Qxh7 Rg6 22. Ng7+ Kd7 23. f5
$16) 16. Nh5 Rb8 (16... Rg8 $1 17. h3 a4 18. g4 fxg4 19. hxg4 Rxg4 20. Be2 Rg8
21. Nf6+ Bxf6 22. exf6 $16) 17. g4 $1 fxg4 18. f5 Rg8 (18... exf5 19. e6 Rg8
20. exf7+ Kxf7 21. Bg2 Bb7 22. Rhf1 Rg5 23. Nf4 Bf6 24. Qa7 $18) 19. Nf6+ Bxf6
20. exf6 Qd6 (20... exf5 21. Qe5+ Be6 22. Rxd5 $18 Qxd5 23. Qxb8+ Kd7 24. Bb5+
$18) 21. Bg2 Rg5 (21... exf5 22. Bxd5 Be6 23. Qa7 Bxd5 24. Rxd5 $18) (21... e5
22. Rhe1 Bxf5 23. Rxe5+ Be6 24. Bxd5 $1) (21... Kf8 22. Qe3 a4 23. Qh6+ Ke8 24.
Qxh7 Rf8 25. Rhe1 $18) 22. Bxd5 $18 Bd7 (22... Qxd5 23. Qf4 Qxf5 24. Qxb8 $18)
23. Rhe1 h6 (23... Rxf5 24. Bxe6 Qxd4 25. Bxf5+ Kf8 26. Rxd4 Bxf5 27. Rd5 {
1-0 Kasparov,G-Hracek,Z/Erevan olm 1996}) (23... b3 24. axb3 Rb4 25. Qa7 Qb6
26. fxe6 Qxa7 27. exd7+ Kd8 28. Re8+ Kxd7 29. Re7+ Kd6 30. Bc4+ $18) 24. fxe6
fxe6 25. Qa7 $6 (25. Qa7 Rxd5 26. Rxd5 Qxd5 27. Qxb8+ $16)) 14. Qe3 $40 (14.
Bd3 Rc8 (14... b4 15. exf6 Bxf6 16. Qxb4 $18) (14... f5 15. g4 fxg4 16. f5 $18)
15. f5 fxe5 16. Qxe5 Bf6 17. Qe1 Bxc3 (17... e5 18. Be4 $40) (17... Rxc3 18.
bxc3 Qa5 19. fxe6 Bxc3 20. exf7+ Kf8 (20... Kd8 21. Qh4+ Kc8 22. Qe7) (20...
Kd7 21. Bf5+) 21. Qe8+ Kg7 22. Qe7 $18) 18. bxc3 Qd7 19. fxe6 Qxe6 (19... fxe6
20. Qh4 $15) 20. Bf5) 14... Qc7 15. Ne2 O-O-O 16. Nd4 Rhg8 17. exf6 Bxf6 18. g3
Kb8 19. a4 bxa4 20. Qa3 Rd6 21. Qxa4 Rb6 1/2-1/2

[Event "Koop Tjuchem"]
[Site "Groningen"]
[Date "1996.??.??"]
[Round "10"]
[White "Timman, Jan H"]
[Black "Svidler, Peter"]
[Result "1/2-1/2"]
[WhiteElo "2590"]
[BlackElo "2650"]
[Annotator "Rechlis,G"]
[PlyCount "68"]
[EventDate "1996.12.20"]
[EventType "tourn"]
[EventRounds "11"]
[EventCountry "NED"]
[EventCategory "16"]
[SourceTitle "CBM 057"]
[Source "ChessBase"]
[SourceDate "1997.04.01"]
[SourceVersion "1"]
[SourceVersionDate "1997.04.01"]
[SourceQuality "1"]

1. e4 c5 2. Nf3 d6 3. d4 cxd4 4. Nxd4 Nf6 5. Nc3 Nc6 6. Bg5 e6 7. Qd2 a6 8.
O-O-O h6 9. Be3 Be7 10. f4 Nxd4 11. Bxd4 b5 12. Be2 b4 (12... Bb7 13. Bf3 b4
14. Bxf6 Bxf6 15. Ne2 Qa5 16. a3 $16) 13. Na4 Nxe4 14. Qe3 Nf6 15. Bf3 (15. Nb6
Rb8 16. g4 Bb7 17. Rhg1 Qc7 18. g5 hxg5 19. fxg5 Nd5 20. Nxd5 Bxd5 21. Bxg7
Rxh2 22. g6 fxg6 23. Rd2 Qa5 24. Bb5+ Rxb5 25. Rxh2 Qxa2 26. Qa7 Bb7 27. Rh8+
Kd7 {... 0-1 Ziatdinov,R-Yermolinsky,A/Tashkent 1987}) 15... d5 (15... Rb8 16.
Ba7 (16. Kb1 $6 Bb7 17. g4 Bxf3 18. Qxf3 Qd7 19. Nc5 $1 $8 dxc5 20. Bxf6 Qb7
21. Qxb7 Rxb7 22. Bxg7 Rg8 23. Bxh6 Rxg4 24. Rdg1 $1 $10 {Beliavsky,A-Salov,V/
Barcelona/1989/}) 16... Bd7 (16... Rb5 17. Bb6 Qd7 18. Nc5 $18 {Balashov,
Y-Tukmakov,V/Sverdlovsk/1987/}) 17. Nb6 Bb5 18. Kb1 (18. g4 O-O 19. Bxb8 Qxb8
20. g5 hxg5 21. fxg5 Bd8 $1 22. gxf6 Qxb6 23. Qxb6 $13 {Khalifman,A-Ionov,S/
USSR/1988/}) 18... O-O 19. f5 Qc7 20. Bxb8 Rxb8 (20... Qxb8 $2 21. fxe6 $16)
21. Na8 Qd8 22. Qa7 d5 23. Nc7 Bc6 24. fxe6 (24. Nxa6 Ra8 25. Qe3 Rxa6 $17)
24... Rb7 25. Nxd5 Rxa7 (25... Nxd5 26. exf7+ Kxf7 27. Qxa6 Rc7 28. Qc4 $18) (
25... Bxd5 $2 26. Qxb7 Bxb7 27. Rxd8+ Bxd8 28. exf7+ Kxf7 29. Bxb7 $18) 26.
Nxf6+ Bxf6 27. Rxd8+ Bxd8 28. exf7+ Rxf7 29. Bxc6 Rf2 30. Rd1 Be7 (30... Bf6
31. a3 bxa3 32. bxa3 a5 33. h3 Rf5 34. Ka2 $14 {Adams,M-Serper,G/Manila ol/
1992/}) 31. Bf3 a5 32. Rd3 {1/2-1/2 Adams,M-Salov,V/Biel izt 1993}) 16. Kb1 $5
(16. g4 {-> 16.Kb1} O-O 17. Nb6 (17. h4 e5 18. fxe5 Nxg4 19. Qe2 h5 20. Nb6 Be6
21. Qg2 Ra7 22. Nxd5 Rd7 23. Bb6 Qc8 24. Nf4 $13 {Beliavsky,A-Tukmakov,V/Wijk
aan Zee/1984/}) 17... Rb8 18. Kb1 $6) 16... O-O (16... h5 17. f5) 17. g4 (17.
Nb6 Rb8 18. g4 Bd6 $16 (18... Qc7 19. g5 hxg5 20. fxg5 Ne4 21. Bxe4 dxe4 22.
Rhg1 $142) (18... Nd7 $40 19. Nxd7 Bxd7 20. h4 Bf6 21. g5 Bxd4 22. Rxd4 $16)
19. g5 hxg5 20. fxg5 Nd7 21. Nxc8 Rxc8 22. g6 $18 Qe7 (22... e5 23. Bxd5 exd4
24. gxf7+ Rxf7 25. Bxf7+ Kxf7 26. Qxd4 $1) 23. Bg4 $18 Rfe8 (23... f5 24. Qh3
Nf6 25. Bxf6 gxf6 26. g7 Kxg7 27. Rhg1 $18) (23... Rce8 24. Qh3 fxg6 25. Rde1
Rf5 26. Bxf5 gxf5 27. Bxg7 $1 $18) 24. gxf7+ Qxf7 25. Rdf1 Qg6 26. Rhg1 Bf8 (
26... Bc5 27. Bxe6+ Rxe6 28. Qd2 Qh7 29. Rxg7+ Qxg7 30. Bxg7 Kxg7 31. Qg5+ Rg6
32. Qxd5 Rd6 33. Qf7+ Kh6 34. Qf4+ Kh5 35. Qf5+ Kh6 36. Qh3+ Kg7 37. Qg4+ Kh6
38. a3 Rf8 39. Rxf8 Nxf8 40. axb4 $1 $18) 27. Bf5 {1-0 Short,N-Rodriguez,A/
Subotica izt 1987} exf5 28. Rxg6 Rxe3 29. Bxe3 Ne5 30. Rxa6 g6 31. Re6) 17...
Ne8 18. h4 (18. Rhe1 $5 Nd6 $140 19. Nb6 Rb8 20. Nxd5 $16) 18... Nd6 19. f5 Bf6
20. Bxf6 Qxf6 21. Qf4 $6 (21. Nb6 Rb8 22. Bxd5 Rxb6 (22... exd5 $2 23. Nxd5 Qd8
24. Ne7+ Kh8 25. Nc6 Qc7 26. Nxb8 Qxb8 27. Qe7 $18) 23. Qxb6 exd5 24. Qxb4 $14)
21... Nc4 22. g5 Qe5 23. Qd4 Qxd4 24. Rxd4 Rb8 25. gxh6 gxh6 26. Be2 Ne3 27.
fxe6 fxe6 28. Rd3 Nf5 29. Bg4 Rb7 30. Re1 Rf6 31. h5 a5 32. a3 Ng7 33. Rg3 bxa3
34. Rxa3 Rb4 $15 {It seems that black could safely play on with a pawn up . I
suspect that the cause for this result was the time trouble .} 1/2-1/2

[Event "Vienna Bawag"]
[Site "Vienna"]
[Date "1996.??.??"]
[Round "5"]
[White "Arakhamia Grant, Ketevan"]
[Black "Rechlis, Gad"]
[Result "0-1"]
[WhiteElo "2480"]
[BlackElo "2510"]
[Annotator "Rechlis,G"]
[PlyCount "120"]
[EventDate "1996.05.??"]
[EventType "tourn"]
[EventRounds "9"]
[EventCountry "AUT"]
[EventCategory "9"]
[SourceTitle "CBM 054"]
[Source "ChessBase"]
[SourceDate "1996.10.01"]
[SourceVersion "1"]
[SourceVersionDate "1996.10.01"]
[SourceQuality "1"]

1. e4 c5 2. Nf3 d6 3. d4 cxd4 4. Nxd4 Nf6 5. Nc3 Nc6 6. Bg5 e6 7. Qd2 a6 8.
O-O-O h6 9. Be3 Nxd4 10. Bxd4 b5 11. f3 Qa5 12. Kb1 b4 13. Ne2 e5 14. Bf2 Be6
15. Nc1 d5 16. Nb3 Qc7 17. Bh4 $5 $13 dxe4 $1 (17... d4 18. f4 $1 Nxe4 19. Qe1
$36) (17... g5 18. Bg3 dxe4 19. Qe1 $44 (19. h4 $5)) 18. Bxf6 gxf6 19. fxe4 Be7
20. Bd3 Kf8 (20... a5 21. Bb5+ $5 Kf8 22. Ba4 $13) 21. Qe2 a5 22. Nd2 Rc8 $1
23. b3 Qc3 24. Bc4 Rg8 $1 25. Qf3 (25. g3 Bg4) (25. Rhf1 a4 26. Rf3 Bg4) 25...
a4 26. Rhg1 Rc7 $2 (26... Rg4 $1 $17 27. Bxe6 (27. h3 Rg3 28. Qxc3 bxc3 29.
Bxe6 fxe6 30. Nc4 Bc5 31. Rgf1 Ke7 32. Rf3 Rcg8 $17) 27... Qxc2+ 28. Ka1 a3 29.
Rb1 Bc5 $19) 27. Qxc3 bxc3 28. Bxe6 fxe6 29. Nc4 Rg4 $15 30. Rde1 Rd7 $5 (30...
a3 $142) 31. h3 Rg3 32. Nb6 Rd2 33. Nxa4 Kf7 34. Rd1 Re2 35. Rge1 Rexg2 36. h4
Rh2 37. Rd7 Rxh4 $2 (37... Re3 $1 38. Rdd1 Rxe1 39. Rxe1 Rxh4 40. Nxc3 Bb4 41.
Re3 Bxc3 42. Rxc3 Rxe4 $17) 38. a3 Ke8 39. Ra7 Bxa3 40. Rd1 Bb4 41. Ra8+ Ke7
42. Nb6 $2 (42. Ra7+ Ke8 43. Ra8+ $14 (43. Nb6 $5)) 42... f5 $8 43. exf5 Rd4
44. Rh1 exf5 45. Ra7+ (45. Rxh6 Kf7 46. Ra7+ Kg8 47. Nd7 Kg7) 45... Kf6 46.
Nd7+ Rxd7 47. Rxd7 f4 $1 $17 48. Rxh6+ Kf5 49. Rb6 Bc5 50. Rb5 Bg1 51. Rdd5 Re3
52. Rd1 f3 $1 53. Rb8 f2 $19 54. Rf8+ Ke4 55. b4 Re1 56. Rc1 Ke3 57. b5 Rxc1+
58. Kxc1 Ke2 59. b6 f1=Q+ 60. Rxf1 Kxf1 0-1

[Event "CUB-ch"]
[Site "Matanzas"]
[Date "1997.03.18"]
[Round "3"]
[White "Herrera, Irisberto"]
[Black "Rodriguez Cespedes, Amador"]
[Result "0-1"]
[WhiteElo "2450"]
[BlackElo "2555"]
[Annotator "Rodriguez,Am"]
[PlyCount "88"]
[EventDate "1997.03.15"]
[EventType "tourn"]
[EventRounds "13"]
[EventCountry "CUB"]
[EventCategory "7"]
[SourceTitle "CBM 057 Extra"]
[Source "ChessBase"]
[SourceDate "1997.05.01"]
[SourceVersion "1"]
[SourceVersionDate "1997.05.01"]
[SourceQuality "1"]

1. e4 c5 2. Nf3 d6 3. d4 cxd4 4. Nxd4 Nf6 5. Nc3 Nc6 6. Bg5 e6 7. Qd2 a6 8.
O-O-O Bd7 (8... h6 {B66, one of the most popular lines in the Sicilian these
days.}) 9. f3 b5 10. Kb1 h6 11. Be3 Ne5 {We have now transposed into the above
mention B66 line, favoured by top players like Vladimir Kramnik.} 12. Bd3 Qc7
13. h4 (13. g4 b4 14. Nce2 d5 15. Bf4 dxe4 16. Bxe4 Nxe4 17. fxe4 (17. Qe3 Bd6
18. Qxe4 O-O 19. Ng3 Nc4 20. Bxd6 Nxd6 21. Qf4 Nb5 22. Qc1 $6 Rfd8 $36 {
Estevez,G-Geller,E/Sochi (9) 1976}) 17... Rc8 18. b3 f6 19. h4 Qb7 20. Bxe5
fxe5 21. Nf3 Bc6 22. Ng3 Bc5 23. g5 O-O 24. Nxe5 Bf2 25. Nxc6 Qxc6 26. Nf5 exf5
27. Qxf2 fxe4 {1/2-1/2 Anand,V-Kramnik,V/Amsterdam VSB 1993}) (13. Nce2 d5 14.
Bf4 dxe4 15. Bxe4 Nxe4 16. fxe4 f6 17. Ng3 O-O-O 18. Bxe5 fxe5 19. Nf3 Be7 {
Black has no problems, Klovans,J-Lerner,K/Berliner Sommer 1994}) (13. Qf2 b4
14. Nce2 d5 15. Bf4 Nxd3 16. cxd3 e5 17. Rc1 Qb8 18. Bg3 Bd6 19. Nc6 Bxc6 20.
Rxc6 $14 {Magem,J-Delchev,A/Manresa Op (7) 1996}) (13. Rhe1 b4 14. Nce2 d5 15.
exd5 Nxd5 16. Nf4 Nxe3 17. Qxe3 Bd6 18. Nfxe6 fxe6 19. f4 Nxd3 20. Nxe6 Bxe6
21. Qxe6+ Be7 22. Rxd3 Rd8 23. Rde3 Rd7 24. Qg6+ Kf8 25. Qf5+ Ke8 26. Qg6+ Kf8
27. Qf5+ Ke8 28. Qg6+ {1/2-1/2 Rodriguez,Amador-Delchev,A/Olot open 1996})
13... h5 $5 $146 (13... b4 14. Nce2 d5 15. exd5 (15. Bf4 Bd6 (15... dxe4 16.
fxe4 Bd6 17. Nf3 $14) 16. exd5 Nxd5 17. Be4 $6 Nc4 18. Qc1 Nxf4 19. Bxa8 Nxe2
20. Nxe2 Be5 $1 $40 21. Nd4 $2 Bf4 $19 {Kostin,A-Grabics,M/Balatonbereny op
1994}) 15... Nxd5 16. Rhe1 Nxd3 17. Qxd3 Nxe3 18. Qxe3 Bc5 19. f4 O-O 20. g3
Rfd8 21. Nc1 Ba4 22. b3 Qb6 23. bxa4 Bxd4 $17 {Liang Jinrong-Wang Zili/Beijing
Tan Chin Cup 1995}) 14. f4 $6 (14. Bg5 $142 {/\ Rhe1, e5 ->[+]}) 14... b4 15.
fxe5 (15. Nce2 Nc4 16. Bxc4 Qxc4 17. Ng3 a5 $13) 15... bxc3 16. exd6 Bxd6 17.
Qxc3 Qxc3 18. bxc3 Ng4 $44 19. Bg1 (19. Rhe1 $2 Bg3) (19. Rh3 $5 Ke7 {/\Rhc8})
19... Ke7 20. Be2 Rhb8+ (20... Nf6 21. Bd3 Rhc8 22. c4 Rab8+ 23. Nb3 a5 24. Ba7
Rb7 25. c5 $1 {/\Ba6}) 21. Ka1 (21. Kc1 $4 Bf4+ $19) (21. Nb3 a5 (21... Bc6 $5)
) 21... Ba3 22. Nb3 Bc6 23. Bxg4 (23. Re1 $142) 23... hxg4 24. Bh2 Rd8 25. Rde1
f6 {/\26...e5 קe4 ץh2} 26. Bc7 Rdc8 27. Bb6 (27. Ba5 Rab8 {/\Ba4, Rb5; /\Ba8,
Rc4}) 27... Rab8 28. Ba7 (28. Bc5+ Bxc5 29. Nxc5 Bb5 $17 {[%cal Rc8c3]}) 28...
Rb5 29. Re3 Ba8 {/\30...Rc7!-+} (29... Rc7 30. c4) 30. Rg3 Kf7 31. Rxg4 Rxc3
32. Rd1 Rb7 33. Bg1 Rxc2 34. Be3 e5 35. Rd8 Re2 36. Bd2 (36. Bc1 Re1) 36... Rf2
(36... Ra7 $5 {[%cal Ra8e4]}) 37. Rxa8 (37. Kb1 Rc7 $1) 37... Rf1+ 38. Bc1 Bxc1
(38... Rc7 $1 39. Rb8 a5 $3 $19 {[%csl Rc1][%cal Ra5a4] Fritz 4.01}) 39. Kb1
Ba3+ 40. Kc2 Rf2+ 41. Kd3 Rxa2 42. Na5 Rd7+ 43. Kc4 (43. Kc3 Be7 44. Rxa6 Bd8
45. Kb4 Bxa5+ 46. Rxa5 Rb7+) 43... Be7 44. Rxa6 Rd4+ (44... Rd4+ 45. Kb3 (45.
Kb5 Rb4+ 46. Kc6 Rc2+ 47. Kd7 Rd4+) 45... Rda4) 0-1

[Event "CUB-ch"]
[Site "Las Tunas"]
[Date "1996.??.??"]
[Round "9"]
[White "Arencibia Rodriguez, Walter"]
[Black "Rodriguez Cespedes, Amador"]
[Result "1/2-1/2"]
[WhiteElo "2515"]
[BlackElo "2485"]
[Annotator "Rodriguez,Am"]
[PlyCount "67"]
[EventDate "1996.05.??"]
[EventType "tourn"]
[EventRounds "13"]
[EventCountry "CUB"]
[EventCategory "8"]
[SourceTitle "CBM 053"]
[Source "ChessBase"]
[SourceDate "1996.08.01"]
[SourceVersion "1"]
[SourceVersionDate "1996.08.01"]
[SourceQuality "1"]

1. e4 c5 2. Nf3 d6 3. d4 cxd4 4. Nxd4 Nf6 5. Nc3 a6 6. Bg5 e6 7. f4 Nc6 8. Qd2
(8. e5 {The main line, of course, but deep knowledge of theory is required to
play it.}) 8... h6 $1 {revealing the problem with 8.Qd2, otherwise White would
reach a desired transposition to a Classical Rauzer.} 9. Bxf6 $8 (9. Bh4 $2
Nxe4 $1 10. Bxd8 (10. Nxe4 Qxh4+ 11. g3 Nxd4 (11... Qd8 $17) 12. Qxd4 Qd8 (
12... Qe7) (12... Qh5) 13. O-O-O d5 $17) 10... Nxd2 11. Bb6 Nxf1 $17) 9... Qxf6
10. Nf3 (10. Nxc6 bxc6 11. O-O-O Qd8 12. Bc4 (12. Be2 Rb8 13. Na4 Bd7 14. c4 c5
15. Nc3 Be7 16. h4 Rb6 {[%cal Re7h4,Gb6d6]} 17. e5 dxe5 18. fxe5 Bc6 19. Qf4
Qb8 $1 20. b3 O-O 21. Rd3 f6 $15 {Menac,Ramon-Rodríguez,Amador/Manresa open 
(02) 1995 0-1 (35)}) 12... Be7 13. Bb3 a5 14. Kb1 Qb6 15. g4 Bd7 16. h4 Rb8 17.
a4 Kd8 $1 18. f5 Kc7 19. Rhf1 Qb4 $13 {Egger-Rodriguez,Amador/Moscow (ol) 1994
1/2-1/2 (42)}) 10... Qd8 $1 {A typical procedure, Black retreats his queen
from his unnatural position to give way to the bishop.} 11. O-O-O Be7 (11...
Bd7 12. f5 Qa5 13. Bc4 Be7 14. Kb1 O-O-O 15. Rhe1 Kb8 16. Bb3 Bc8 17. Qf2 Bf6
18. fxe6 fxe6 {1/2-1/2 Garcia,Gildardo-Rodriguez,Amador/ISLA-CASTROL open (06)
1994}) 12. h4 (12. Bd3 Bd7 13. Rhe1 Qa5 14. Kb1 O-O-O 15. Nd5 $2 exd5 16. exd5
Qxd5 $19) 12... Bd7 13. Qe3 {/\ 14.Na4} Qa5 (13... b5 $6 14. g4 $36) 14. Bc4
Qc5 $1 15. Qxc5 (15. Qe2 O-O-O (15... Rc8 $5) (15... b5 $5)) 15... dxc5 16. Na4
(16. e5 O-O-O 17. Ne4 Na5 $1 {[%cal Yd7c6,Yc6h1]}) 16... O-O-O 17. Nb6+ Kc7 18.
Nxd7 Rxd7 19. Rxd7+ Kxd7 20. a4 Rd8 (20... Rb8 $142 $10) 21. c3 Na5 22. Be2 f6
$1 23. Kc2 Bd6 24. g3 Ke7 25. Re1 c4 $1 $10 26. Nd2 b5 27. axb5 axb5 28. b4 (
28. Ra1 $2 Bxf4 $1) 28... cxb3+ 29. Nxb3 Nxb3 30. Kxb3 Rb8 31. Ra1 Bc5 32. Ra6
Bf2 33. Bg4 Rb6 34. Rxb6 1/2-1/2

[Event "Tilburg"]
[Site "Tilburg"]
[Date "1994.??.??"]
[Round "6"]
[White "Ivanchuk, Vassily"]
[Black "Salov, Valery"]
[Result "1/2-1/2"]
[WhiteElo "2695"]
[BlackElo "2710"]
[Annotator "Salov,V"]
[PlyCount "103"]
[EventDate "1994.09.??"]
[EventType "k.o."]
[EventRounds "7"]
[EventCountry "NED"]
[SourceTitle "CBM 044"]
[Source "ChessBase"]
[SourceDate "1995.02.01"]
[SourceVersion "1"]
[SourceVersionDate "1995.02.01"]
[SourceQuality "1"]

1. e4 c5 2. Nf3 Nc6 3. d4 cxd4 4. Nxd4 Nf6 5. Nc3 d6 6. Bg5 e6 7. Qd2 a6 8.
O-O-O h6 9. Be3 Be7 10. f3 Nxd4 11. Bxd4 b5 12. h4 Qa5 13. Qf2 Rb8 14. Kb1 b4
15. Ne2 e5 16. Ba7 Rb7 17. Nc1 Be6 18. Be3 d5 19. Nb3 Qa4 20. Bc5 O-O 21. g4 d4
$5 {N} (21... dxe4 22. Bxe7 Rxe7 23. g5 Nh5 24. gxh6 g6 25. fxe4 Qc6 26. Rg1
$13 {Yudasin-Kovalev,Simferopol 1988}) 22. Bxe7 Rxe7 23. Bh3 Qc6 (23... Bxb3 $2
24. cxb3 $1 Qa5 25. Rc1 $36 {פf6}) 24. Nc1 Bc4 25. Bf1 $1 Bxf1 26. Rhxf1 a5
$10 27. Nd3 Rc8 28. Qh2 Qd6 29. g5 Nd7 30. gxh6 Qxh6 31. Rg1 Rc6 $1 32. h5 $1
Rg6 33. Rxg6 fxg6 34. Rh1 $1 gxh5 35. Qxh5 Re6 36. a3 (36. b3 $5) 36... bxa3
37. bxa3 Qxh5 (37... Rb6+ 38. Ka1 Qd2 $2 39. Qe8+ Nf8 40. Qa4 Qc3+ 41. Ka2 $16)
38. Rxh5 g6 39. Rg5 Kf7 40. f4 exf4 (40... Kf6 41. Rxg6+ $1 Kxg6 42. f5+ $10)
41. Nxf4 Rxe4 42. Nxg6 a4 43. Kc1 Kf6 44. Rd5 $1 Ke6 45. Ra5 Kf6 46. Ra6+ Kg5
$5 (46... Re6 $10) 47. Rd6 Nf6 48. Nh8 Kf5 49. Nf7 Re7 50. Nh6+ Kg5 51. Rxf6 $1
Kxf6 52. Ng8+ 1/2-1/2